Super Smash Bros. Characters with Electric Attacks - Statistics

General Stats
  • This quiz has been taken 65 times
  • The average score is 23 of 30
Answer Stats
Move Character % Correct
Volt Tackle Pikachu
98%
Screw Attack Samus
98%
PK Flash Ness
96%
Blaster Falco
94%
Reflector Fox
94%
Wolf Flash Wolf
94%
PK Thunder Lucas
92%
Yellow Pikmin Olimar
92%
Skull Bash Pichu
92%
Knee Smash Captain Falcon
88%
Arm Cannon Knuckle Dark Samus
88%
S3 R.O.B.
86%
Plasma Whip Zero Suit Samus
82%
Levin Sword Robin
80%
Electroshock Arm Dark Pit
78%
Thundaga Sora
78%
Devil Blaster Kazuya
76%
Waddle Doo Toss King Dedede
76%
Judge Mr. Game and Watch
69%
Megawatt Punch Min Min
65%
Kazap Hero
63%
Defibrillator Dr. Mario
59%
Dark Dive Ganondorf
59%
Spark Shock Mega Man
59%
Lightning Kick Zelda
59%
Darkness Illusion Meta Knight
55%
Body Spark Mewtwo
55%
Chain Sheik
51%
Echo Reflector Mii Gunner
49%
Up Tilt Joker
41%
No matching quizzes found
Score Distribution
Percent of People with Each Score
Percentile by Number Answered
Your Score History
You have not taken this quiz